000 00762nam a2200253Ia 4500
003 OSt
005 20220924125638.0
006 a|||||r|||| 00| 0
007 ta
008 220923b |||||||| |||| 00| 0 per d
020 _a9646278833 (hbk)
020 _c600
024 _a331130
037 _b10, 16/06/2010, S.H.Qasemi
_cTextual
040 _aARTS
_cARTS
_bper
041 _2per
_aper
082 _aV45.K6, 164P3
100 _aAsfahani Yusuf Qazvini Au.
_9198662
245 0 _aShah Shafie-o-Shah Abbas
260 _aTehran
_bAnjuman asar-o-mufakhaz farhang Iran
_c2003
650 _aIRAN - HISTORY
942 _hV45.K6, 164P3
_cTEXL
_2CC
999 _c423118
_d423118